00643nam a2200157Ia 4500008004100000020003100041082001400072100003200086245003400118260003700152300001400189490003300203500002400236505017500260650005000435120629s2004 mx 000 0 spa d a9706401539 (obra completa) a100 S171o aSalmerón, Fernandoeautor aObras c/ Fernando Salmerón aMéxico b: El Colegio Nacional aIrregular aObras de Fernando Salmerón aÍndice de nombres aT.2.1. Gaos y la filosofía iberoamericana _T.2.2Gaos y la filosofía iberoamericana_T. 3. Filolsofía y educación_T.4 filosofia moral_T.8 En semblanzas y homenajes a1. FILOSOFIA-ENSAYOS \ 2.EDUCACION-ENSAYOSÌ